000 00303nam a2200121Ia 4500
008 250224s9999 xx 000 0 und d
020 _a9780955944680
082 _aJ741.5RIO
100 _aRiordan,Rick
245 0 _aPercy Jackson and the sword of hades
942 _cJBK
999 _c469777
_d469777